000 00460nam a2200157Ia 4500
999 _c24312
_d24312
003 OSt
005 20200608100947.0
008 190216s9999||||xx |||||||||||||| ||und||
040 _coclc
082 _a324.254
_bNAY/K
100 _aNayar, Perunna K N
_92602
245 0 _aKeralathile Congress Prasthanam /
_cPerunna K N Nayar
260 _bPoorna Pubs,
_aKozhikode:
300 _a340p
942 _cBK
_2ddc
_h324.254
_iNAY/K
_k324.254
_mNAY/K